000 00773nmm a2200265 a 4500
003 AR-BaBNM
005 20251128210457.0
008 020020s1992 ||||||||||||||000 | spa||
020 _a987-99049-0-7
040 _cAR-BaBNM
245 1 0 _aNigeria contemporánea
_bensayos sobre sociedad, política y economía = Contemporary Nigeria : essays in society, politics and economy
250 _a1ª ed.
260 _aBuenos Aires
_bEdipubli
_c1992
300 1 _a154, 149 p.
500 1 _aEdición bilingüe, español-inglés
500 0 _aPaginación en dos sentidos
650 4 _aSOCIEDAD
650 4 _aPOLITICA
650 4 _aECONOMIA
650 4 _aHISTORIA AFRICANA
651 4 _aNigeria
700 1 _aUya, Okon Edet
_eeditor
942 _cBK
998 _cMariana
999 _c15593
_d15593